01966cam a22004214i 4500003000900000005001700009008004100026035001900067040003300086082002100119100002500140245010100165264003600266300002800302336002100330337002500351338002300376504002800399505043800427526001000865526001000875526001000885526001000895526000800905526000800913526000800921526000800929526000800937526000800945526000800953630007100961942001401032949013201046596000601178999014901184980005501333952015601388PE-LiUPU20250731172950.0150623s r 000 0 d a(Sirsi) a21342 aPE-LiUPUbspacPE-LiUPUerda04a227.107bP592211 aPiper, John,eautor.14aThe justification of God :ban exegetical and theological study of Romans 9: 1-23 /cJohn Piper. 1aMichigan :bBaker Books,c1996. a245 páginas ;c23 cm. atext2rdacontent aunmediated2rdamedia avolume2rdacarrier aIncluye bibliografía.0 aMy kinsmen are accursed! Romans 9:1-5. -The purpose that accord with election: Romans 9:6-13. -Exodus 33:19 in its Old Testament Contex. -The justification of God: Romans 9:14-18 (part I). -The righteousness of God in the Old Testament. -The righteousness of God in Romans 3:1-8. -The righteousness of God in Romans 3:25,26. -The justification of God: Romans 9:14-18 (part II). -The rigts and purposes of the creator: Romans 9:19-23. aSEG42 aSEG41 aSEG40 aSEG39 aP94 aP87 aP86 aP85 aP77 aP76 aP35 aBiblia.pN.T.pRomanos IX, 1-23xCrítica, interpretación, etc. 2ddccBOOK a227.107 P59wDEWEYc1i44920lCCODEBUL1mBULp00.00r0sYtBOOKu2015-06-24xTEOLOGIAPP350COMPRAo.STAFF. Colección General a1 a227.107 P59wDEWEYc21793i44920f2021-11-9g6lCCODEBUL1mBULr0sYtBOOKu2015-6-24xTEOLOGIAPP350COMPRAo.STAFF. Colección Generald21793 81gALBERTO SANCHEZ Responsable de Automatización r2025-12-03 00:00:00i7l0o227.107 P59p44920te1w2015-06-24xFTyBKzinventario-2023-12-13102ddc50708GENfP35aBULbBULcGENd2015-06-24eCOMPRA